000 00494nam a2200181Ia 4500
005 20250326141531.0
008 250326s9999 xx 000 0 und d
037 _aTextbook
040 _aFMSL
_beng
_cFMSL
041 _aeng
_2eng
084 _qFMSL
100 _aArmstrong M
_9735375
245 0 _aManagement processess and functions
_cArmstrong M
260 _aLondon
_bLondon, Institute fo personnal management.
_c1990
300 _a309p
942 _cTB
999 _c1290754
_d1290754